¿Caliente o frío? - Estadísticas

Estadísticas generales
  • Esta prueba ha sido intentada 497 veces
  • La puntuación promedio es 13 de 20
Estadísticas de respuestas
Hint Respuesta % Correcto
La lava Caliente
93%
Monte Everest Frío
93%
El vacío del Universo Frío
88%
Enero en Buenos Aires Caliente
82%
Se dice "quente" en portugués Caliente
82%
La Meca Caliente
81%
Urano Frío
79%
La estratosfera Frío
75%
El color verde Frío
74%
Sangre de reptiles Frío
73%
Venus (planeta) Caliente
71%
39 Grados fahrenheit Frío
63%
La ciudad de Namur en invierno Frío
61%
La ciudad de Sochi en agosto Caliente
60%
El plato "Yassa" Caliente
55%
Las estrellas "Gigante azul" Caliente
48%
El viento "Siroco" Caliente
46%
La astenosfera Caliente
34%
Tequila mexicano Frío
32%
El desierto de Gobi Frío
26%
No se encontraron pruebas coincidentes
Distribución de puntuación
Porcentaje de gente con cada puntuación
Porcentaje por número respondido
Historial de tus puntuaciones
No has intentado esta prueba.